Global trends 2005 : an owner's manual for the next decade.
| Main Author: | |
|---|---|
| Format: | Book |
| Published: |
New York:
St. Martin's,
1998.
|
| Subjects: |
| LEADER | 00429cam a2200145 7i4500 | ||
|---|---|---|---|
| 001 | 0000008543 | ||
| 005 | 20001212090000.0 | ||
| 020 | 0 | 0 | |a 0312218990 |
| 090 | 0 | 0 | |a B 303.49 |b MAZ |
| 100 | 1 | 0 | |a Mazarr |
| 245 | 1 | 0 | |a Global trends 2005 : |b an owner's manual for the next decade. |
| 260 | 0 | 0 | |a New York: |b St. Martin's, |c 1998. |
| 300 | # | # | |a 330 p. |
| 650 | 0 | 0 | |a Social change -- |x Fore casting |
| 999 | |a B000010837 |b Book |c Book |e Business Information Centre | ||


